| 000 | 01542nam a2200397Ia 4500 | ||
|---|---|---|---|
| 005 | 20220317000941.0 | ||
| 008 | 160801s2008 sp a g 000 0 spa | ||
| 020 | _a9788434224346 (obra completa) | ||
| 020 | _a9788434224018 (volumen 1) | ||
| 020 | _a9788434224025 (volumen 2) | ||
| 020 | _a9788434224063 (volumen 3) | ||
| 020 | _a9788434224117 (volumen 4) | ||
| 082 | 0 | 4 |
_a372.87 _bC11v |
| 100 | 1 | _aCabacés, Roser | |
| 245 | 1 | 0 |
_aVivamos la música _ctextos Roses Cabacés y Elisabet Vilaplana ; ilustrado por Anna Clariana ; fotografías Norbert Foto y Nos & Soto |
| 250 | _a7a. edición | ||
| 300 |
_a4 volúmenes _bilustraciones, fotografías en color _c31 cm _e2 CD |
||
| 490 | _aVivamos la música | ||
| 505 | _avolumen 1 La vida tiene música ; volumen 2 La música tiene contrastes ; volumen 3 La música se mueve ; volumen 4 ¡Vamos a tocar! | ||
| 650 | 1 | 4 |
_2LEMB _aMúsica _xEnseñanza |
| 650 | 1 | 4 |
_2LEMB _aMúsica para niños |
| 650 | 1 | 4 |
_2LEMB _aInstrumentación (Música) |
| 650 | 1 | 4 |
_2LEMB _aMúsica _xTecnica interpretativa |
| 700 | 1 |
_aVilaplana, Elisabet _917899 |
|
| 700 | 1 |
_aClariana, Anna _eilustradora _971503 |
|
| 740 | 3 | 2 | _aLa vida tiene música |
| 740 | 3 | 2 | _aLa música tiene contrastes |
| 740 | 3 | 2 | _aLa música se mueve |
| 740 | 2 | 2 | _aíVamos a tocar! |
| 942 |
_2ddc _cBKINF |
||
| 264 |
_aMadrid _bParramón _c2008 |
||
| 336 |
_atexto _btxt _2rdacontent |
||
| 337 |
_asin mediación _bn _2rdamedia |
||
| 338 |
_avolumen _bnc _2rdacarrier |
||
| 040 |
_aCO-BoRNBP _bspa _erda _cCO-BoRNBP |
||
| 999 |
_c5498 _d5498 |
||